Auditoría evaluatoria de sociedades /

Збережено в:
Бібліографічні деталі
Інші автори: Ballestero, Enrique (autor) (autor)
Формат: Книга
Мова:Іспанська
Опубліковано: Madrid, España : Dossat, 1999, c1999
Серія:(Economía, Organización de Empresas, Calidad)
Предмети:
Теги: Додати тег
Немає тегів, Будьте першим, хто поставить тег для цього запису!

MARC

LEADER 00000nam^a2200000^a^4500
001 000154319
005 20250521000000.0
009 20260310100350.977
020 |a 84-930016-9-4 
037 |a Acervo ITESO - Biblioteca 
041 |a ESP 
082 |a 658. 15  |b AUD 
245 0 0 |a Auditoría evaluatoria de sociedades /  |c E. Ballestero... [et al.]. 
264 4 |a Madrid, España :  |b Dossat,  |c 1999, c1999 
300 |a 447 p. 
336 |a texto  |b txt  |2 rdacontenido 
337 |a sin mediación  |b n  |2 rdamedio 
338 |a volumen  |b nc  |2 rdasoporte 
440 1 |a (Economía, Organización de Empresas, Calidad) 
649 |a XX 
650 |a Valuación de Empresas -  |z España -  |x Estudios de Caso 
650 |a Auditoría -  |z España -  |x Estudios de Caso 
650 |a Contabilidad Financiera 
650 |a Administración Financiera 
650 |a Proceso Administrativo 
650 |a Empresas -  |x Administración 
650 |a Ciencias Administrativas 
700 |a Ballestero, Enrique  |e (autor) 
910 |a Fondo General 
920 |a Impresos - Libros 
930 |a Colección General 
905 |a 101 
901 |a 0500086313  |b IT1  |c ACC  |u 20250521 
902 |a https://opac.biblio.iteso.mx/vufind/Record/000154319